| 000 | 00478nam a22001692 4500 | ||
|---|---|---|---|
| 001 | 0000024648 | ||
| 005 | 20151217161644.0 | ||
| 008 | 140123s xx 000 0 eng d | ||
| 040 |
_aKABU _cKABU |
||
| 100 | 1 |
_aAyonga, Sharon Asiimu. _@0000185030 |
|
| 245 | 1 | 0 |
_aLimitations of human rights under the new constitution / _cSharon Asiimu Ayonga. |
| 260 | _c2013. | ||
| 300 | _avii, 79 leaves. | ||
| 908 | _a140123 | ||
| 950 | _@1 | ||
| 999 |
_c15490 _d15490 |
||